Languages spoken in Bristol, England - Statistics

General Stats
  • This quiz has been taken 77 times
  • The average score is 7 of 10
Answer Stats
Hint Answer % Correct
~95.% English
100%
0.3% French
95%
0.3% Spanish
92%
0.3% Arabic
86%
0.4% Chinese (all)
86%
1.5% Polish
82%
0.3% Urdu
65%
0.2% Bengali
60%
0.3% Punjabi
40%
1.2% Somali
31%
No matching quizzes found
Score Distribution
Percent of People with Each Score
Percentile by Number Answered
Your Score History
You have not taken this quiz